000 00982nam a22003497a 4500
001 061
003 DO-SdBNP
005 20180220152233.0
007 061
008 151005b1990 sp 00| 0 spa d
020 _a8434827506
040 _aBPMSU
_bspa
_cBPMSU
082 _a849.93
_bT266r 1990
092 _a
_b
100 1 _aTeixidor, Emili
240 1 0 _aEn Ranquet i els seus amics /
_f1989
_lcat
245 1 0 _aRenco y sus amigos /
_cEmili Teixidor ; ilustraciones Tino Gatagán ; colección dirigida por Marinella Terzi
250 _a2a. ed.
260 _aMadrid :
_bEdiciones SM,
_c1990.
300 _a186 p. :
_bil. ;
_c19 cm.
490 1 _aEl barco de vapor
_v52
490 1 _aRoja
500 _aA partir de 12 años
521 1 _aA partir de los 12 años
700 1 2 _aTerzi, Marinella
_edir.
700 1 2 _aGatagán, Tino
_eil.
830 0 _aBarco de vapor
_n52
830 0 _aRoja
942 _2ddc
_cBK
945 _aInventariado, 2018 / BT
956 _aYngrid Lockward
999 _c8467
_d8467